| 000 | 01084cam a22002294a 4500 | ||
|---|---|---|---|
| 005 | 20250605164148.0 | ||
| 008 | 250528s ||||||||||||||||||||||||d | ||
| 035 | _a19265 | ||
| 020 | _a073600159X | ||
| 040 |
_aGR-AtMCL _bgre _dGR-AtMCL _eAACR2 |
||
| 245 | 1 | _aFoundations of Sport and Exercise Psychology / Study Guide: Second Edition | |
| 250 | _a2nd | ||
| 260 |
_bHuman Kinetics, _c2000 |
||
| 300 | _a168 | ||
| 505 | 0 | _aIntroduction, Getting Started, Understanding Participants, Understanding Sport and Exercise Environments, Understanding Group Processes, Enhancing Performance, Enhancing Health and Well-Being, Facilitating Psychological Growth and Development, References. | |
| 520 | _aIntroduction, Getting Started, Understanding Participants, Understanding Sport and Exercise Environments, Understanding Group Processes, Enhancing Performance, Enhancing Health and Well-Being, Facilitating Psychological Growth and Development, References. | ||
| 700 | 1 |
_aDaniel Gould _93685 |
|
| 700 | 1 |
_aWeinberg Robert _93686 |
|
| 942 | _cBK | ||
| 999 |
_c4530 _d4530 |
||